[Event "Euskadi-chT (Vasca) Div Honor"]
[Site "Bergara"]
[Date "2017.02.11"]
[Round "5.1"]
[White "Galzagorri Uli, Yeray"]
[Black "Sanz Castillo, Santiago"]
[Result "1-0"]
[WhiteElo "2224"]
[BlackElo "2152"]
[PlyCount "37"]
[EventDate "2017.01.14"]
[EventType "team-tourn"]
[EventRounds "9"]
[EventCountry "ESP"]
[SourceTitle "EXT 2024"]
[Source "ChessBase"]
[SourceDate "2023.10.10"]
[SourceVersion "1"]
[SourceVersionDate "2023.10.10"]
[SourceQuality "1"]

1. Nf3 Nf6 2. g3 b6 3. Bg2 Bb7 4. 0-0 e6 5. c4 Be7 6. Nc3 0-0 7. Re1 d5 8. cxd5 exd5 9. d4 Ne4 10. Bf4 Nd7 11. Rc1 Nxc3 12. bxc3 Nf6 13. c4 dxc4 14. Rxc4 c5 15. dxc5 Bxc5 16. Ne5 Bxg2 17. Kxg2 Nd5 18. Nc6 Nxf4+ 19. Rxf4 1-0

[Event "Euskadi-chT (Vasca) Div 1st"]
[Site "Bergara"]
[Date "2016.??.??"]
[Round "2.5"]
[White "Galzagorri Uli, Yeray"]
[Black "Blanco de la Rosa, Diego"]
[Result "1-0"]
[WhiteElo "2219"]
[BlackElo "1743"]
[PlyCount "31"]
[EventDate "2016.01.09"]
[EventType "team-tourn"]
[EventRounds "9"]
[EventCountry "ESP"]
[SourceTitle "EXT 2024"]
[Source "ChessBase"]
[SourceDate "2023.10.10"]
[SourceVersion "1"]
[SourceVersionDate "2023.10.10"]
[SourceQuality "1"]

1. Nf3 c5 2. c4 e6 3. Nc3 Nf6 4. g3 Nc6 5. Bg2 Be7 6. 0-0 0-0 7. d4 cxd4 8. Nxd4 a6 9. b3 Qc7 10. Nc2 b6 11. Bb2 Bb7 12. Rc1 Na7 13. e4 b5 14. Ne3 b4 15. Ncd5 exd5 16. cxd5 1-0

[Event "Euskadi-chT (Vasca) Div Honor"]
[Site "Bergara"]
[Date "2015.01.24"]
[Round "3.3"]
[White "Galzagorri Uli, Yeray"]
[Black "Munoz Perez, Ivan"]
[Result "1/2-1/2"]
[WhiteElo "2221"]
[BlackElo "2283"]
[PlyCount "28"]
[EventDate "2015.01.10"]
[EventType "team-tourn"]
[EventRounds "9"]
[EventCountry "ESP"]
[SourceTitle "EXT 2024"]
[Source "ChessBase"]
[SourceDate "2023.10.10"]
[SourceVersion "1"]
[SourceVersionDate "2023.10.10"]
[SourceQuality "1"]

1. Nf3 Nf6 2. c4 g6 3. Nc3 Bg7 4. e4 d6 5. d4 0-0 6. Be2 Nbd7 7. Bg5 h6 8. Bh4 e5 9. d5 g5 10. Bg3 Nc5 11. Nd2 a5 12. h4 Ne8 13. hxg5 hxg5 14. Nb3 f5 1/2-1/2

[Event "Euskadi-chT (Vasca) Div Honor"]
[Site "Bergara"]
[Date "2015.01.10"]
[Round "1.4"]
[White "Galzagorri Uli, Yeray"]
[Black "Sanz Castillo, Santiago"]
[Result "1/2-1/2"]
[WhiteElo "2221"]
[BlackElo "2218"]
[PlyCount "40"]
[EventDate "2015.01.10"]
[EventType "team-tourn"]
[EventRounds "9"]
[EventCountry "ESP"]
[SourceTitle "EXT 2024"]
[Source "ChessBase"]
[SourceDate "2023.10.10"]
[SourceVersion "1"]
[SourceVersionDate "2023.10.10"]
[SourceQuality "1"]

1. e4 c6 2. d3 d5 3. Nd2 e5 4. Ngf3 Bd6 5. d4 exd4 6. exd5 cxd5 7. Nxd4 Nc6 8. N2f3 Bg4 9. Be2 Nge7 10. 0-0 Qd7 11. Be3 a6 12. Qd2 Qc7 13. h3 h5 14. Nxc6 bxc6 15. c4 Rd8 16. cxd5 Nxd5 17. Nd4 Bxh3 18. gxh3 Qd7 19. Kg2 Kf8 20. Bc4 Bc7 1/2-1/2

[Event "Euskadi-chT (Vasca) Div 1st"]
[Site "Bergara"]
[Date "2014.02.08"]
[Round "5.4"]
[White "Marchena Hurtado, Javier"]
[Black "Galzagorri Uli, Yeray"]
[Result "1/2-1/2"]
[WhiteElo "2119"]
[BlackElo "2218"]
[PlyCount "80"]
[EventDate "2014.01.11"]
[EventType "team-tourn"]
[EventRounds "9"]
[EventCountry "ESP"]
[SourceTitle "EXT 2024"]
[Source "ChessBase"]
[SourceDate "2023.10.10"]
[SourceVersion "1"]
[SourceVersionDate "2023.10.10"]
[SourceQuality "1"]

1. d4 d5 2. c4 e6 3. Nf3 Be7 4. g3 Nf6 5. Bg2 0-0 6. 0-0 b6 7. cxd5 exd5 8. Nc3 Bb7 9. Bf4 Nbd7 10. Qc2 c6 11. Ne5 Nxe5 12. dxe5 Nd7 13. Rad1 g5 14. Bc1 Nxe5 15. Qf5 Ng6 16. f4 gxf4 17. gxf4 Qc8 18. Qxc8 Raxc8 19. e4 d4 20. Ne2 c5 21. b3 f5 22. e5 Bxg2 23. Kxg2 Kf7 24. Kf3 Rg8 25. Ng3 Ke6 26. Bb2 Nh4+ 27. Ke2 Rg4 28. Rf2 Ng6 29. Bc1 Bh4 30. Rf3 Bxg3 31. hxg3 h5 32. Rh1 Rh8 33. Bd2 Kd5 34. Kd3 b5 35. Rh3 c4+ 36. bxc4+ bxc4+ 37. Kc2 c3 38. Be1 Kc4 39. Bxc3 dxc3 40. Rxc3+ Kd5 1/2-1/2

[Event "Erandio op 20th"]
[Site "Erandio"]
[Date "2011.12.19"]
[Round "4"]
[White "Alvarez Dominguez, Francisco Javier"]
[Black "Galzagorri Uli, Yeray"]
[Result "0-1"]
[WhiteElo "1914"]
[BlackElo "2236"]
[PlyCount "49"]
[EventDate "2011.12.17"]
[EventType "swiss"]
[EventRounds "9"]
[EventCountry "ESP"]
[SourceTitle "EXT 2024"]
[Source "ChessBase"]
[SourceDate "2023.10.10"]
[SourceVersion "1"]
[SourceVersionDate "2023.10.10"]
[SourceQuality "1"]

1. e4 d6 2. d4 Nf6 3. Bd3 g6 4. h3 Bg7 5. Nf3 0-0 6. 0-0 c5 7. c3 cxd4 8. cxd4 Nc6 9. d5 Nb4 10. Nc3 Nxd3 11. Qxd3 Nd7 12. Be3 Nc5 13. Qd2 Qa5 14. Bd4 Bd7 15. Bxg7 Kxg7 16. Rfe1 f6 17. Nd4 Rfc8 18. Qe2 Qa6 19. Qd2 Qd3 20. Qxd3 Nxd3 21. Re2 Rc4 22. Rd1 Rxd4 23. Red2 Nxf2 24. Rxd4 Nxd1 25. Nxd1 0-1

[Event "Euskadi-chT"]
[Site "Bergara"]
[Date "2010.02.20"]
[Round "6.4"]
[White "Salinero de Prado, Juan Manuel"]
[Black "Galzagorri Uli, Yeray"]
[Result "0-1"]
[WhiteElo "2132"]
[BlackElo "2281"]
[PlyCount "78"]
[EventDate "2010.01.09"]
[EventType "team-tourn"]
[EventRounds "9"]
[EventCountry "ESP"]
[SourceTitle "EXT 2011"]
[Source "ChessBase"]
[SourceDate "2010.11.26"]
[SourceVersion "1"]
[SourceVersionDate "2010.11.26"]
[SourceQuality "1"]

1. c4 e5 2. Nc3 Bb4 3. Nd5 Be7 4. Nf3 d6 5. d4 e4 6. Nd2 f5 7. e3 Nf6 8. h4 0-0 9. g3 c6 10. Nf4 Na6 11. Nb3 Nc7 12. Bd2 Ne6 13. Nxe6 Bxe6 14. Qc2 Qd7 15. Be2 c5 16. 0-0-0 Qa4 17. Kb1 Rfc8 18. dxc5 dxc5 19. Nc1 Qc6 20. Bc3 a6 21. Rd2 b5 22. Rhd1 Nd7 23. b3 b4 24. Bb2 a5 25. h5 h6 26. Rg1 Nf6 27. Qd1 Ra6 28. f3 a4 29. g4 fxg4 30. fxg4 Nh7 31. Bf1 Ng5 32. Rgg2 axb3 33. axb3 Ra5 34. Ne2 Rca8 35. Nf4 Qa6 36. Kc2 Ra2 37. Qb1 Bf6 38. Kd1 Bxb2 39. Nxe6 Ra1 0-1

[Event "Euskadi-chT"]
[Site "Bergara"]
[Date "2010.01.30"]
[Round "4.3"]
[White "Navarrete Delgado, Sergio"]
[Black "Galzagorri Uli, Yeray"]
[Result "1-0"]
[WhiteElo "2227"]
[BlackElo "2281"]
[PlyCount "21"]
[EventDate "2010.01.09"]
[EventType "team-tourn"]
[EventRounds "9"]
[EventCountry "ESP"]
[SourceTitle "EXT 2011"]
[Source "ChessBase"]
[SourceDate "2010.11.26"]
[SourceVersion "1"]
[SourceVersionDate "2010.11.26"]
[SourceQuality "1"]

1. e4 c5 2. c3 Nf6 3. e5 Nd5 4. Nf3 e6 5. d4 cxd4 6. cxd4 d6 7. Bc4 Nb6 8. Bb3 dxe5 9. Nxe5 N8d7 10. Qe2 Be7 11. Nxf7 1-0

[Event "Euskadi-chT"]
[Site "Bergara"]
[Date "2010.01.23"]
[Round "3.4"]
[White "Galzagorri Uli, Yeray"]
[Black "Saenz Martinez, Juan Jose"]
[Result "1/2-1/2"]
[WhiteElo "2281"]
[BlackElo "2288"]
[PlyCount "41"]
[EventDate "2010.01.09"]
[EventType "team-tourn"]
[EventRounds "9"]
[EventCountry "ESP"]
[SourceTitle "EXT 2011"]
[Source "ChessBase"]
[SourceDate "2010.11.26"]
[SourceVersion "1"]
[SourceVersionDate "2010.11.26"]
[SourceQuality "1"]

1. e4 c5 2. Nc3 Nc6 3. Nge2 Nf6 4. d4 cxd4 5. Nxd4 e6 6. Ndb5 Bb4 7. a3 Bxc3+ 8. Nxc3 d5 9. Bd3 dxe4 10. Nxe4 Nxe4 11. Bxe4 Qxd1+ 12. Kxd1 f5 13. Bxc6+ bxc6 14. Bf4 Kf7 15. Kd2 Bb7 16. c4 c5 17. Be3 Rhd8+ 18. Kc3 Rd7 19. Rhd1 Rad8 20. Rxd7+ Rxd7 21. b4 1/2-1/2

[Event "Euskadi-chT"]
[Site "Bergara"]
[Date "2010.01.16"]
[Round "2.2"]
[White "Angulo Martinez, Jon"]
[Black "Galzagorri Uli, Yeray"]
[Result "1/2-1/2"]
[WhiteElo "2212"]
[BlackElo "2281"]
[PlyCount "20"]
[EventDate "2010.01.09"]
[EventType "team-tourn"]
[EventRounds "9"]
[EventCountry "ESP"]
[SourceTitle "EXT 2011"]
[Source "ChessBase"]
[SourceDate "2010.11.26"]
[SourceVersion "1"]
[SourceVersionDate "2010.11.26"]
[SourceQuality "1"]

1. e4 c5 2. Nf3 e6 3. d4 cxd4 4. Nxd4 a6 5. c4 Nf6 6. Nc3 d6 7. Be3 Be7 8. Be2 Bd7 9. Qd2 Nc6 10. f3 Nxd4 1/2-1/2

[Event "Euskadi-ch"]
[Site "Zornotza"]
[Date "2009.04.19"]
[Round "7"]
[White "Galzagorri Uli, Yeray"]
[Black "Sarralde Osua, Rodrigo"]
[Result "1/2-1/2"]
[WhiteElo "2263"]
[BlackElo "2190"]
[PlyCount "87"]
[EventDate "2009.04.13"]
[EventType "swiss"]
[EventRounds "7"]
[EventCountry "ESP"]
[SourceTitle "EXT 2010"]
[Source "ChessBase"]
[SourceDate "2010.11.25"]
[SourceVersion "1"]
[SourceVersionDate "2010.11.25"]
[SourceQuality "1"]

1. c4 Nf6 2. Nc3 d5 3. cxd5 Nxd5 4. Nf3 g6 5. Qa4+ c6 6. Qd4 Nf6 7. Qxd8+ Kxd8 8. g3 Bg7 9. Bg2 Na6 10. d3 Ke8 11. 0-0 Kf8 12. Bd2 Nd5 13. Rfc1 Nxc3 14. Bxc3 Bxc3 15. Rxc3 f6 16. a3 Kf7 17. b4 Bd7 18. Nd4 Rac8 19. Nb3 Rc7 20. Rac1 Rhc8 21. d4 Ke8 22. Be4 Kd8 23. h4 Be6 24. Bd3 Bxb3 25. Rxb3 Nb8 26. h5 f5 27. Kg2 Rd7 28. e3 e6 29. Bc4 Ke7 30. hxg6 hxg6 31. Rh1 Kf6 32. Rh4 Re7 33. f4 Nd7 34. Rb1 b6 35. g4 Rg7 36. g5+ Ke7 37. Rbh1 Nf8 38. a4 Kd6 39. Kf3 Rcc7 40. Rh8 Rgf7 41. Rg8 c5 42. dxc5+ bxc5 43. b5 Ke7 44. a5 1/2-1/2

[Event "Bizkaia-ch Preferente"]
[Site "Sestao"]
[Date "2008.10.18"]
[Round "1.1"]
[White "Galzagorri Uli, Yeray"]
[Black "Diaz Herrero, Alvaro"]
[Result "1-0"]
[WhiteElo "2255"]
[BlackElo "2065"]
[PlyCount "69"]
[EventDate "2008.10.18"]
[EventType "swiss"]
[EventRounds "7"]
[EventCountry "ESP"]
[SourceTitle "EXT 2024"]
[Source "ChessBase"]
[SourceDate "2023.10.10"]
[SourceVersion "1"]
[SourceVersionDate "2023.10.10"]
[SourceQuality "1"]

1. e4 c5 2. Nf3 e6 3. Nc3 Nc6 4. d4 cxd4 5. Nxd4 a6 6. g3 Qc7 7. Bg2 Nf6 8. Nxc6 bxc6 9. 0-0 h5 10. h3 a5 11. Re1 Ba6 12. e5 Nd5 13. Bd2 Bb4 14. Qf3 Nxc3 15. Bxc3 Rb8 16. a3 Bxc3 17. Qxc3 Qb6 18. b3 Rh6 19. Rad1 f5 20. exf6 Rxf6 21. Qd2 Qd8 22. Re5 Rb5 23. Rxb5 cxb5 24. Bc6 Rf7 25. Be4 Rf6 26. Bc6 Rf7 27. Be4 Rf6 28. Qd4 Qc7 29. Qd6 Qa7 30. Rd2 g6 31. Bc6 Bc8 32. Bxb5 Qb7 33. a4 h4 34. Qd4 Rf5 35. Qh8+ 1-0

[Event "Mondragon Arrasate Hiria op 7th"]
[Site "Mondragon"]
[Date "2007.09.22"]
[Round "2"]
[White "Galzagorri Uli, Yeray"]
[Black "Romero Mateo, Esteban"]
[Result "1-0"]
[WhiteElo "2220"]
[BlackElo "1998"]
[PlyCount "79"]
[EventDate "2007.09.16"]
[EventType "swiss"]
[EventRounds "6"]
[EventCountry "ESP"]
[SourceTitle "EXT 2009"]
[Source "ChessBase"]
[SourceDate "2008.11.26"]
[SourceVersion "1"]
[SourceVersionDate "2008.11.26"]
[SourceQuality "1"]

1. c4 g6 2. d4 Bg7 3. Nc3 d6 4. e4 Nc6 5. Be3 e5 6. Nge2 Nge7 7. d5 Nb8 8. g3 f5 9. Bg2 Nd7 10. 0-0 0-0 11. Qd2 b6 12. f3 a5 13. b3 Nc5 14. Rab1 Bd7 15. a3 a4 16. b4 Nb3 17. Qd3 Qc8 18. Nb5 Rb8 19. Nec3 Ra8 20. Nxa4 Nd4 21. Nac3 Nxb5 22. Nxb5 Qb7 23. Rb3 fxe4 24. fxe4 Rxf1+ 25. Bxf1 Rf8 26. c5 Nxd5 27. Qxd5+ Qxd5 28. exd5 Rxf1+ 29. Kxf1 Bxb5+ 30. Kf2 Ba4 31. cxb6 cxb6 32. Rc3 b5 33. Rc8+ Kf7 34. Rc7+ Kg8 35. Rd7 Bf8 36. Bg5 Bb3 37. Be7 Bg7 38. Bxd6 e4 39. Bc5 Bb2 40. d6 1-0

[Event "Euskadi-ch"]
[Site "Zornotza"]
[Date "2007.04.15"]
[Round "7"]
[White "Angulo Martinez, Jon"]
[Black "Galzagorri Uli, Yeray"]
[Result "1-0"]
[WhiteElo "2173"]
[BlackElo "2252"]
[PlyCount "93"]
[EventDate "2007.04.10"]
[EventType "swiss"]
[EventRounds "7"]
[EventCountry "ESP"]
[SourceTitle "EXT 2008"]
[Source "ChessBase"]
[SourceDate "2007.11.25"]
[SourceVersion "1"]
[SourceVersionDate "2007.11.25"]
[SourceQuality "1"]

1. e4 c5 2. Nf3 d6 3. d4 Nf6 4. Bd3 cxd4 5. Nxd4 Nc6 6. Nxc6 bxc6 7. b3 g6 8. Bb2 Bg7 9. 0-0 0-0 10. Qe2 a5 11. Nc3 Nd7 12. Na4 Bxb2 13. Nxb2 Nc5 14. Rfd1 Qc7 15. Qe3 Ba6 16. Bxa6 Nxa6 17. Qh6 Nc5 18. Re1 f5 19. e5 dxe5 20. Qe3 Nd7 21. f3 e4 22. fxe4 f4 23. Qh3 Ne5 24. Nd3 f3 25. Rf1 Nxd3 26. cxd3 fxg2 27. Qe6+ Kg7 28. Kxg2 Qd6 29. Qxd6 exd6 30. Rxf8 Rxf8 31. Rc1 c5 32. e5 dxe5 33. Rxc5 a4 34. bxa4 Rd8 35. Rc3 e4 36. Kf2 exd3 37. Ke1 Kf6 38. a5 Ke5 39. a6 Ra8 40. Ra3 g5 41. Kd2 g4 42. Kxd3 h5 43. Kc4 Kd6 44. Kb5 Kc7 45. Rc3+ Kb8 46. Ka5 Ra7 47. Re3 1-0

[Event "Euskadi-ch"]
[Site "Zornotza"]
[Date "2007.04.14"]
[Round "6"]
[White "Galzagorri Uli, Yeray"]
[Black "Aabling Thomsen, Jakob"]
[Result "0-1"]
[WhiteElo "2252"]
[BlackElo "2267"]
[PlyCount "112"]
[EventDate "2007.04.10"]
[EventType "swiss"]
[EventRounds "7"]
[EventCountry "ESP"]
[SourceTitle "EXT 2008"]
[Source "ChessBase"]
[SourceDate "2007.11.25"]
[SourceVersion "1"]
[SourceVersionDate "2007.11.25"]
[SourceQuality "1"]

1. e4 c5 2. Nf3 Nc6 3. d4 cxd4 4. Nxd4 Nf6 5. Nc3 e6 6. g3 Bb4 7. Bg2 0-0 8. 0-0 d5 9. exd5 exd5 10. Bg5 Be6 11. Nxc6 bxc6 12. Qd4 Be7 13. Na4 h6 14. Bd2 Nd7 15. Bc3 Bf6 16. Qf4 Bxc3 17. Nxc3 Rb8 18. b3 Qa5 19. Ne2 Nf6 20. Nd4 Bd7 21. Nf5 Qc3 22. Rac1 Rfe8 23. Qd4 Qxd4 24. Nxd4 c5 25. Nf3 Re2 26. Rfe1 Rxe1+ 27. Rxe1 Kf8 28. Re5 a5 29. Ne1 Be6 30. Nd3 c4 31. Nf4 cxb3 32. axb3 Rc8 33. Nxe6+ fxe6 34. Re2 Kf7 35. f4 g5 36. Bf3 Rc3 37. Kf2 gxf4 38. gxf4 a4 39. bxa4 Ra3 40. Re5 Rxa4 41. f5 exf5 42. Bxd5+ Kg6 43. Bf3 Rc4 44. Re2 Kg5 45. Rd2 Rc3 46. Kg2 h5 47. Rf2 Ng4 48. Bxg4 hxg4 49. Rd2 f4 50. Kf2 Kh4 51. Kg2 Re3 52. Rf2 f3+ 53. Kg1 Re1+ 54. Rf1 Rxf1+ 55. Kxf1 Kh3 56. Kg1 f2+ 0-1

[Event "Erandio op 15th"]
[Site "Erandio"]
[Date "2006.12.23"]
[Round "9"]
[White "Galzagorri Uli, Yeray"]
[Black "Rodriguez Gonzalez, Alex"]
[Result "1-0"]
[WhiteElo "2227"]
[BlackElo "2061"]
[PlyCount "73"]
[EventDate "2006.12.16"]
[EventType "swiss"]
[EventRounds "9"]
[EventCountry "ESP"]
[SourceTitle "EXT 2018"]
[Source "ChessBase"]
[SourceDate "2017.10.13"]
[SourceVersion "1"]
[SourceVersionDate "2017.10.13"]
[SourceQuality "1"]

1. Nf3 d6 2. d4 Bg4 3. g3 Nd7 4. Bg2 c6 5. c4 e5 6. 0-0 e4 7. Ng5 Ngf6 8. Nxe4 Nxe4 9. Bxe4 h5 10. Bg2 h4 11. h3 Bxh3 12. Bxh3 hxg3 13. Bg2 gxf2+ 14. Rxf2 Qh4 15. Qd3 g5 16. Qe4+ Qxe4 17. Bxe4 Bg7 18. e3 Nf6 19. Bf5 Ke7 20. Nc3 Rh4 21. Rh2 Rah8 22. Rxh4 Rxh4 23. Bd2 g4 24. Kg2 Rh5 25. Rf1 g3 26. Kxg3 Rg5+ 27. Kh2 Rh5+ 28. Bh3 c5 29. Kg3 Rg5+ 30. Kf3 Nh5 31. Nd5+ Ke8 32. Bg4 f5 33. Bxh5+ Rxh5 34. dxc5 Bxb2 35. Rb1 Be5 36. Rxb7 Rh3+ 37. Ke2 1-0

[Event "Bizkaia-chA"]
[Site "Zornotza"]
[Date "2006.11.11"]
[Round "4"]
[White "Angulo Martinez, Jon"]
[Black "Galzagorri Uli, Yeray"]
[Result "0-1"]
[WhiteElo "2133"]
[BlackElo "2227"]
[PlyCount "54"]
[EventDate "2006.10.21"]
[EventType "swiss"]
[EventRounds "6"]
[EventCountry "ESP"]
[SourceTitle "EXT 2018"]
[Source "ChessBase"]
[SourceDate "2017.10.13"]
[SourceVersion "1"]
[SourceVersionDate "2017.10.13"]
[SourceQuality "1"]

1. e4 c5 2. Nf3 e6 3. d4 cxd4 4. Nxd4 Qb6 5. Nb3 Qc7 6. Nc3 a6 7. Bd3 b5 8. Qe2 Bb7 9. f4 Nf6 10. a4 b4 11. Nd1 Be7 12. Nf2 d6 13. Bd2 Nc6 14. 0-0 e5 15. Nd1 d5 16. exd5 Nxd5 17. fxe5 Nxe5 18. Be4 0-0 19. Re1 Bd6 20. Ne3 Nf4 21. Qf2 Nh3+ 22. gxh3 Bxe4 23. Nd4 Bc5 24. Qh4 f5 25. Ne6 Nf3+ 26. Kf1 Nxd2+ 27. Ke2 Qxh2+ 0-1

[Event "Bizkaia-chA"]
[Site "Zornotza"]
[Date "2006.10.21"]
[Round "1"]
[White "Galarza Docampo, Karmel"]
[Black "Galzagorri Uli, Yeray"]
[Result "0-1"]
[WhiteElo "2107"]
[BlackElo "2227"]
[PlyCount "70"]
[EventDate "2006.10.21"]
[EventType "swiss"]
[EventRounds "6"]
[EventCountry "ESP"]
[SourceTitle "EXT 2018"]
[Source "ChessBase"]
[SourceDate "2017.10.13"]
[SourceVersion "1"]
[SourceVersionDate "2017.10.13"]
[SourceQuality "1"]

1. d4 d5 2. Nf3 c6 3. c4 Nf6 4. e3 Bg4 5. Qb3 Qb6 6. Qxb6 axb6 7. Ne5 Bf5 8. Nc3 e6 9. cxd5 exd5 10. f3 h6 11. g4 Bh7 12. h4 Na6 13. Bxa6 Rxa6 14. g5 Nd7 15. Ng4 h5 16. Nf2 Bb4 17. Bd2 0-0 18. Ke2 Bd6 19. e4 dxe4 20. Nfxe4 Re8 21. Kf2 Bc7 22. Rhe1 Raa8 23. Ng3 Bg6 24. a3 b5 25. Nce2 Nb6 26. Bf4 Bd8 27. Nc3 Be7 28. Rad1 Nc4 29. Bc1 Bc2 30. Nxh5 Bxd1 31. Rxd1 Rad8 32. Ng3 Rd7 33. Nf5 Bf8 34. h5 Red8 35. Ne4 Rd5 0-1

[Event "ESP-chT Autonomicas"]
[Site "Padron"]
[Date "2006.10.06"]
[Round "3.4"]
[White "Galzagorri Uli, Yeray"]
[Black "Gonzalez Arribas, Vidal Alejandro"]
[Result "1/2-1/2"]
[WhiteElo "2227"]
[BlackElo "2297"]
[PlyCount "76"]
[EventDate "2006.10.05"]
[EventType "team-swiss"]
[EventRounds "6"]
[EventCountry "ESP"]
[SourceTitle "EXT 2018"]
[Source "ChessBase"]
[SourceDate "2017.10.13"]
[SourceVersion "1"]
[SourceVersionDate "2017.10.13"]
[SourceQuality "1"]
[WhiteTeam "Euskadi"]
[BlackTeam "Baleares"]
[WhiteTeamCountry "ESP"]
[BlackTeamCountry "ESP"]

1. e4 c5 2. Nc3 Nc6 3. Bb5 e6 4. Bxc6 bxc6 5. d3 Ne7 6. f4 d6 7. Nf3 Ng6 8. 0-0 Be7 9. Qe1 0-0 10. e5 d5 11. Qg3 f6 12. b3 c4 13. dxc4 dxc4 14. Be3 c5 15. Nd2 cxb3 16. axb3 fxe5 17. fxe5 Bb7 18. Nc4 Qc7 19. Nb5 Qc6 20. Nbd6 Ba6 21. Rxf8+ Rxf8 22. Qg4 Bxc4 23. Qxc4 Qd7 24. Qxc5 Nxe5 25. Qxe5 Bxd6 26. Qe4 Bb8 27. Re1 Rf5 28. g3 Re5 29. Qa8 Qc7 30. Bf2 Rxe1+ 31. Bxe1 h5 32. Qe4 Qc5+ 33. Bf2 Qd5 34. Qxd5 exd5 35. h3 Kf7 36. g4 hxg4 37. hxg4 a6 38. Bd4 g6 1/2-1/2

[Event "ESP-chT Autonomicas"]
[Site "Padron"]
[Date "2006.10.06"]
[Round "2.5"]
[White "Galzagorri Uli, Yeray"]
[Black "Pazos Porta, Antonio"]
[Result "0-1"]
[WhiteElo "2227"]
[BlackElo "2142"]
[PlyCount "97"]
[EventDate "2006.10.05"]
[EventType "team-swiss"]
[EventRounds "6"]
[EventCountry "ESP"]
[SourceTitle "EXT 2018"]
[Source "ChessBase"]
[SourceDate "2017.10.13"]
[SourceVersion "1"]
[SourceVersionDate "2017.10.13"]
[SourceQuality "1"]
[WhiteTeam "Euskadi"]
[BlackTeam "Galicia III"]
[WhiteTeamCountry "ESP"]
[BlackTeamCountry "ESP"]

1. e4 e6 2. d3 d5 3. Nd2 Nf6 4. Ngf3 Nc6 5. c3 e5 6. b4 d4 7. b5 dxc3 8. bxc6 cxd2+ 9. Bxd2 Bc5 10. cxb7 Bxb7 11. Be2 0-0 12. 0-0 Qe7 13. Bc3 Rfd8 14. Qb3 Rab8 15. Rab1 Nd7 16. Qc2 Bb6 17. a4 a5 18. Nd2 Nc5 19. Nc4 Bc6 20. Bxe5 Bxa4 21. Qc3 Ne6 22. Nxb6 Rxb6 23. Qxa5 Rxb1 24. Rxb1 Bc2 25. Rc1 Bxd3 26. Bxd3 Rxd3 27. Qa8+ Qd8 28. Qxd8+ Rxd8 29. Kf1 Rc8 30. Ke2 f6 31. Bg3 Kf7 32. f4 f5 33. exf5 Nd4+ 34. Kd3 Nxf5 35. Bf2 Ke6 36. g4 Nd6 37. f5+ Kd7 38. Bd4 Ne8 39. g5 Ra8 40. f6 gxf6 41. gxf6 Ra3+ 42. Ke2 Nd6 43. Be5 Ra5 44. Bxd6 cxd6 45. Rf1 Ra8 46. Kf3 Rg8 47. Re1 Rf8 48. Rf1 Rg8 49. Re1 0-1

[Event "FRA-chT2C 0506"]
[Site "France"]
[Date "2006.04.01"]
[Round "10.3"]
[White "Galzagorri Uli, Yeray"]
[Black "De Labaca, Romuald"]
[Result "1/2-1/2"]
[WhiteElo "2227"]
[BlackElo "2205"]
[PlyCount "108"]
[EventDate "2005.10.27"]
[EventType "team"]
[EventRounds "11"]
[EventCountry "FRA"]
[SourceTitle "EXT 2006"]
[Source "ChessBase"]
[SourceDate "2005.11.24"]
[SourceVersion "1"]
[SourceVersionDate "2005.11.24"]
[SourceQuality "1"]
[BlackTeam "Cannes"]
[BlackTeamCountry "FRA"]

1. e4 c6 2. d3 d5 3. Nd2 e5 4. Ngf3 Bd6 5. d4 exd4 6. exd5 cxd5 7. Nxd4 Nc6 8. N2f3 Nge7 9. Be2 0-0 10. 0-0 Bg4 11. h3 Bh5 12. Be3 Rc8 13. Qd2 Bb8 14. c3 Qd7 15. Bf4 Bxf4 16. Qxf4 Rfe8 17. Rfe1 Nxd4 18. Nxd4 Bxe2 19. Rxe2 Ng6 20. Rxe8+ Rxe8 21. Qd2 Ne5 22. b3 Rc8 23. Rd1 Nc6 24. Ne2 Rd8 25. b4 a6 26. a4 Ne7 27. Qa2 Qc7 28. Rd3 Rc8 29. Qd2 h6 30. Nf4 Qc4 31. Nxd5 Nxd5 32. Rxd5 Qxc3 33. Rd8+ Kh7 34. Qxc3 Rxc3 35. Rd7 Rc4 36. Kh2 b6 37. Rd6 a5 38. bxa5 bxa5 39. Rd5 Rc3 40. Rxa5 Ra3 41. h4 g6 42. g4 Kg7 43. Ra6 Ra2 44. Kg3 Ra3+ 45. f3 g5 46. h5 Ra2 47. a5 Kh7 48. Rf6 Kg7 49. Ra6 Kh7 50. Ra7 Kg7 51. a6 Kf6 52. Ra8 Kg7 53. a7 Kh7 54. Kh3 Kg7 1/2-1/2

[Event "FRA-chT2C 0506"]
[Site "France"]
[Date "2005.11.19"]
[Round "2.1"]
[White "Olivier, Jean Christophe"]
[Black "Galzagorri Uli, Yeray"]
[Result "1-0"]
[WhiteElo "2370"]
[BlackElo "2277"]
[PlyCount "47"]
[EventDate "2005.10.27"]
[EventType "team"]
[EventRounds "11"]
[EventCountry "FRA"]
[SourceTitle "EXT 2006"]
[Source "ChessBase"]
[SourceDate "2005.11.24"]
[SourceVersion "1"]
[SourceVersionDate "2005.11.24"]
[SourceQuality "1"]
[WhiteTeam "Grenoble"]
[WhiteTeamCountry "FRA"]

1. e4 c5 2. Nf3 e6 3. d4 cxd4 4. Nxd4 a6 5. Bd3 Bc5 6. Nb3 Be7 7. 0-0 d6 8. Qg4 g6 9. Qe2 Qc7 10. f4 Nd7 11. N1d2 Ngf6 12. Nf3 e5 13. fxe5 dxe5 14. Bg5 0-0 15. Qf2 Ng4 16. Qh4 Bxg5 17. Nxg5 h5 18. Kh1 b5 19. Be2 Ngf6 20. g4 Bb7 21. gxh5 Nxe4 22. Nxe4 f5 23. Bf3 fxe4 24. hxg6 1-0

[Event "FRA-chT2C 0506"]
[Site "France"]
[Date "2005.10.16"]
[Round "1.3"]
[White "Galzagorri Uli, Yeray"]
[Black "Housieaux, David"]
[Result "0-1"]
[WhiteElo "2227"]
[BlackElo "2317"]
[PlyCount "78"]
[EventDate "2005.10.27"]
[EventType "team"]
[EventRounds "11"]
[EventCountry "FRA"]
[SourceTitle "EXT 2006"]
[Source "ChessBase"]
[SourceDate "2005.11.24"]
[SourceVersion "1"]
[SourceVersionDate "2005.11.24"]
[SourceQuality "1"]
[BlackTeam "Echiquier Palavasien et Setois"]
[BlackTeamCountry "FRA"]

1. e4 g6 2. d4 Bg7 3. Nc3 c6 4. Nf3 d5 5. h3 Nh6 6. Bd3 f6 7. Bf4 Nf7 8. 0-0 e5 9. dxe5 fxe5 10. Bg3 0-0 11. Re1 d4 12. Nb1 Be6 13. Nbd2 Nd7 14. a4 Qe7 15. Bc4 Nd6 16. Bxe6+ Qxe6 17. c3 dxc3 18. bxc3 Nc5 19. Qc2 Kh8 20. Nh2 Rad8 21. Ng4 h5 22. Nh2 Bh6 23. Nhf3 Bf4 24. Bxf4 Rxf4 25. g3 Rf6 26. Ng5 Qe7 27. h4 Rdf8 28. Re2 Ne6 29. Nxe6 Qxe6 30. Rd1 Qg4 31. Nf1 Nc4 32. Nh2 Qh3 33. Nf1 Qg4 34. Nh2 Qh3 35. Nf1 b5 36. Qb3 a6 37. Qb4 Qg4 38. Rde1 Qd7 39. Qc5 Kg7 0-1